It`s a wild story

Saved in:
Bibliografiske detaljer
Hovedforfatter: Dhingra, N. C
Format: Bog
Sprog:engelsk
Udgivet: New Delhi, India WWF 2008
Fag:
Tags: Tilføj Tag
Ingen Tags, Vær først til at tagge denne postø!

MARC

LEADER 00000nam a22000007a 4500
003 CL-VaPUC
005 20230112074239.0
008 200227b ||||| |||| 00| 0 eng d
999 |c 416817  |d 416815 
040 |c Pontificia Universidad Católica de Valparaíso 
041 0 |a eng 
082 |a 778 DHI 2008 
100 1 |a Dhingra, N. C  |9 719809 
245 1 0 |a It`s a wild story 
260 3 |a New Delhi, India  |b WWF  |c 2008 
300 |a 52 p 
583 |c 20200227  |k Daniel Castañeda 
650 0 0 |a FOTOGRAFIA DE NATURALEZA  |9 719810 
650 0 0 |a FOTOGRAFIA DE ANIMALES  |9 719811 
650 0 0 |a Fotografías artísticas  |9 535989 
651 0 0 |a India  |9 267804 
942 |2 ddc  |c BK 
952 |0 0  |1 0  |2 ddc  |4 0  |6 778_000000000000000_DHI_2008  |7 0  |8 A  |9 551491  |a BIBGIM  |b BIBGIM  |d 2020-02-27  |i 5614937  |l 1  |o 778 DHI 2008  |p 5614937  |r 2025-03-06  |s 2025-03-06  |t 1  |w 2020-02-27  |y BK  |k ORI